Multiple Choice City Quiz-Zermatt - Statistics

General Stats
  • This quiz has been taken 6 times
  • The average score is 6 of 10
Answer Stats
Question Answer % Correct
What is the famous Mountain overlooking Zermatt? Matterhorn
100%
What is not found on the streets of Zermatt Private automobiles
100%
Which of the following Movies were filmed in Zermatt? Third Man of the Mountain
100%
What is the Highest Cable car in Europe Klein- Matterhorn
83%
The above rail is Europes Highest open air ___ railway Cog
67%
Zermatt's primary language is_______________ German
50%
Zermatt's most popular Railway is_________________ Gornergrat Railway
50%
What is the altitude of Zermatt? 5,315 Feet
33%
Who was the first to Ascend the above Mountain Edward Whymper
33%
Which Canton is Zermatt located in? Glarus
17%
No matching quizzes found
Score Distribution
Percent of People with Each Score
Percentile by Number Answered
Your Score History
You have not taken this quiz